Vplyv normotvorby obcí do 5000 obyvateľov na financovanie originálnych a prenesených kompetencií miestnych samospráv diplomová práca

Gespeichert in:
Bibliographische Detailangaben
1. Verfasser: Smandrová, Petronela
Körperschaft: Národohospodárska fakulta EU. Katedra financií
Weitere Verfasser: Neupauerová, Zuzana
Format: Buch
Sprache:Slowakisch
Veröffentlicht: Bratislava 2014
Tags: Tag hinzufügen
Keine Tags, Fügen Sie das erste Tag hinzu!

MARC

LEADER 00000nbm a2200000 4500
001 0187293
005 20170201085526.8
041 0 |a slo 
044 |a SK 
245 1 0 |a Vplyv normotvorby obcí do 5000 obyvateľov na financovanie originálnych a prenesených kompetencií miestnych samospráv  |b diplomová práca  |c Petronela Smandrová ; školiteľ: Zuzana Neupauerová 
264 1 |a Bratislava  |c 2014 
300 |a 69 s. 
100 1 |a Smandrová, Petronela 
700 1 |a Neupauerová, Zuzana 
710 2 |a Národohospodárska fakulta EU. Katedra financií